000 00802nam a2200229Ia 4500
003 OSt
005 20250714145425.0
008 210210b2006 xxu||||| |||| 00| 0 eng d
040 _cAL
041 _aKannada
082 _aK894.8 KANS
100 _aKANNADA VISHVAVIDYALAYA
_9151275
_dಕನ್ನಡ ವಿಶ್ವವಿದ್ಯಾಲಯ.
245 _aSamagra Kannada Jainasahitya samputa 1: Pampa samputa
_bಸಮಗ್ರ ಕನ್ನಡ ಜೈನಸಾಹಿತ್ಯ ಸಂಪುಟ ೧ : ಪಂಪ ಸಂಪುಟ
260 _aHampi
_bPrasaranga Karnataka Vishvavidyalaya
_c2006
300 _aLviii,924
440 _a1
_9151276
650 _aVikramarjunavijayam
_9151277
650 _aAdipuranam
_9151278
690 _aKannada Collections
_9151279
906 _a062632
942 _2ddc
_cBK
999 _c117877
_d117877